000 00604nam a2200169 a 4500
001 000037820
005 20201002031124.0
008 130306s1997 sp 000 0 spa d
020 _a8482239053
040 _aDO-SdBNP
_bspa
_cBNPHU
100 1 _aFole, Ánxel
_d1903-1986
_964270
245 1 0 _aDe cómo me encontré con el demonio en vigo y otros cuentos /
_cÁnxel Fole ; selección y traducción Miguel Hernández Sola.
260 _aMadrid :
_bTrama Editorial,
_c1997.
300 _a176 p. ;
_c21 cm.
500 _aIncluye notas al pie de las páginas
700 1 _aHernández Sola, Miguel,
_etrad.
_964271
999 _c37310
_d37310